The Open Era (Record no. 1409)

MARC details
000 -LEADER
fixed length control field 00754nim a2200229 a 4500
001 - CONTROL NUMBER
control field 12347410
003 - CONTROL NUMBER IDENTIFIER
control field OverDrive
005 - DATE AND TIME OF LATEST TRANSACTION
control field 20260615040518.0
008 - FIXED-LENGTH DATA ELEMENTS--GENERAL INFORMATION
fixed length control field 260614s o 000 0 en d
020 ## - INTERNATIONAL STANDARD BOOK NUMBER
International Standard Book Number 9798217337118
041 0# - LANGUAGE CODE
Language code of text/sound track or separate title en
100 1# - MAIN ENTRY--PERSONAL NAME
Personal name Schmit, Edward
Relator term author
245 10 - TITLE STATEMENT
Title The Open Era
264 #1 - PRODUCTION, PUBLICATION, DISTRIBUTION, MANUFACTURE, AND COPYRIGHT NOTICE
Name of producer, publisher, distributor, manufacturer Books on Tape
Date of production, publication, distribution, manufacture, or copyright notice 06/02/2026
336 ## - CONTENT TYPE
Content type term spoken word
Source rdacontent
650 #7 - SUBJECT ADDED ENTRY--TOPICAL TERM
Topical term or geographic name entry element Fiction
Source of heading or term overdrive
650 #7 - SUBJECT ADDED ENTRY--TOPICAL TERM
Topical term or geographic name entry element Romance
Source of heading or term overdrive
650 #7 - SUBJECT ADDED ENTRY--TOPICAL TERM
Topical term or geographic name entry element LGBTQIA+ (Fiction)
Source of heading or term overdrive
700 1# - ADDED ENTRY--PERSONAL NAME
Personal name K. Jain, Shawn
Relator term narrator
856 42 - ELECTRONIC LOCATION AND ACCESS
Uniform Resource Identifier <a href="https://img2.od-cdn.com/ImageType-400/1191-1/{D7B7EAC6-251D-4389-AD5C-356891A8CFF9}IMG400.JPG">https://img2.od-cdn.com/ImageType-400/1191-1/{D7B7EAC6-251D-4389-AD5C-356891A8CFF9}IMG400.JPG</a>
Public note Cover image
856 40 - ELECTRONIC LOCATION AND ACCESS
Uniform Resource Identifier <a href="https://libbyapp.com/library/queerliblib/generated-1/page-1/12347410">https://libbyapp.com/library/queerliblib/generated-1/page-1/12347410</a>
Link text Borrow on Libby

No items available.